000 00331pam a2200157a 44500
008 230515b1977 xxu||||| |||| 00| 0 eng d
020 _aNULL
041 _aENGLISH
082 _a630
100 _a3075-1965
245 _aDIMENSIONS FOR CIRCLES
250 _a0
260 _aDELHI
_bISI
_c1977
300 _a15
650 _aNULL
999 _c651847
_d651847